000 00884nas a2200289 4500
001 BR6008128
003 BR-BrBNA
005 20231205082050.0
007 ta
008 230509b bl.|||p| |||| 00| 00por d
040 _aBR-BrBNA
_bpor
_cBiblioteca Nacional de Agricultura
041 _a(Pt)
072 _aF00; F60
100 1 _aTella, R. de
100 1 _aLago, A.A. do
100 1 _aZink, E.
245 1 _aEfeitos de diversos niveis de umidade e tratamento fungicida, na longevidade de sementes de amendoim [Arachis hypogaea; Conservacao; Poder germinativo!
650 _aAMENDOIM
650 _aSEMENTE
650 _aCONSERVACAO
650 _aFUNGICIDA
650 _aUMIDADE
650 _aPODER GERMINATIVO
773 0 _tBragantia (Brazil)
_xISSN 0006-8705
_g(1976), v. 35(2) p. 335-342
_wBR6008128
909 _a202311
_bLúcia
_c55
_dLúcia Elande
942 _2AGRIS
_n0
_cANA
999 _c88928
_d88928